| 000 | 01086nam a2200229Ii 4500 | ||
|---|---|---|---|
| 003 | JO-AjNU | ||
| 008 | 230605s9999||||xx |||||||||||||| ||und|| | ||
| 017 | _a2004/6/1310 | ||
| 020 | _a9957-36-015-9 | ||
| 040 |
_aJO-AjNU _bara _erda _cJO-AjNU |
||
| 041 | _aara | ||
| 050 | 1 | 4 | _aHV7428 .H32 2005 |
| 100 | 3 |
_aتأليف: الحبيس، فراس علي محمد, _eauthor _920839 |
|
| 245 | 0 | 0 | _aكيف نحمي أبنائنا من الانحراف : تشكيل شخصية الطفل-السلوك العدواني عند الطفل-أنواع الإنحراف عند الطفل-الضرب البليغ للجسم عند الطفل |
| 250 | _aط1 | ||
| 264 | 3 | 1 | _aعمان: دار الاسرة للنشر والتوزيع، دار عالم الثقافة للنشر والتوزيع، 2005 |
| 300 |
_a80ص _bيحتوي على ببلوغرافية من 77-80ص |
||
| 336 |
_atext _btxt _2rdacontent |
||
| 337 |
_aunmediated _bn _2rdamedia |
||
| 338 |
_avolume _bnc _2rdacarrier |
||
| 650 | 4 |
_aالاطفال - انحراف السلوك - رعاية - جوانب اجتماعية _920840 |
|
| 999 |
_aA7138 _c10706 _d10706 |
||